|
|
|
|
| LEADER |
00000nam a22000007a 4500 |
| 005 |
20210420225234.0 |
| 007 |
cr|||| |||| |
| 008 |
210420s2020 br |||||s|||| 00||0 por d |
| 020 |
|
|
|a 978-85-8248-196-7
|
| 035 |
|
|
|a 32473
|
| 040 |
|
|
|a vLex
|
| 090 |
|
|
|c 11486
|d 11486
|
| 100 |
1 |
|
|a Moreira Antunes, Oswaldo
|
| 245 |
1 |
0 |
|a Aplicaȯ̂ da Desconsideraȯ̂ da Pessoa Jurd̕ica
|h [Recurso electrn̤ico] /
|c Oswaldo Moreira Antunes
|
| 256 |
|
|
|a Servicio en ln̕ea
|
| 260 |
|
|
|a San Pablo:
|b Letras Jurídicas Editora,
|c 2020
|
| 300 |
|
|
|a 1 recurso electrn̤ico
|
| 500 |
|
|
|a A Aplicaȯ̂ da desconsideraȯ̂ da pessoa jurd̕ica, que nô ̌um tema novo e muito conhecido desde o direito romano ̌demonstrado ao leitor por Oswaldo Moreira Antunes, sem esgotar o fascinante e dinḿico tema, revela o seu nascimento, origem, evoluȯ̂ histr̤ica e conceito que vem do Disregard Doctrine (EUA). O que era esparȯ em nosso direito pt̀rio, recebeu uma figura tp̕ica no novo Cd̤igo Civil Brasileiro, o que nô deixa de ser uma evoluȯ̂. Assim, alm̌ de ficar aberto o leque das possibilidades jurd̕icas de tutela jurisdicional inclusive, se for o caso, as responsabilidades cumulativamente administrativa, civil e criminal em caso de abuso da personalidade jurd̕ica, caracterizado pelo pressuposto de desvio de finalidade ou por confusô patrimonial.
|
| 506 |
1 |
|
|a Disponible solo en los productos indicados
|d vLex Global
|d vLex Global (Academic Edition, excluding Law Schools)
|d vLex Global (U.S. Academic Edition, Law Schools)
|d vLex Global (U.S. Academic Edition, excluding Law Schools)
|d vLex Global (Academic Edition, Law Schools)
|
| 650 |
0 |
4 |
|a Derecho Penal
|z Brasil
|
| 740 |
0 |
|
|a vLex Libros (Servicio en ln̕ea)
|
| 856 |
4 |
0 |
|u https://vlex.com/source/aplica-o-da-desconsidera-o-da-pessoa-juridica-32473
|z Acceso restringido
|
| 942 |
|
|
|c BOOK
|
| 999 |
0 |
|
|a Criminal law
|